000
00338nam a2200145Ia 4500
008
150201s2009 xx 000 0 und d
082
_a
611
_b
H2009A
100
_a
ANAND,MAHENDER
245
_a
ANANDS HUMAN ANATOMY
250
_a
2ND
260
_b
ARYA PUBLICATION
_a
DELHI
_c
2009
300
_a
1-808
650
_a
ANATOMY
942
_2
ddc
_c
BK
999
_c
4185
_d
4185